Score 0/36 Timer 04:00
0 Plays Today
Clue 4-Letter Word % Correct
● ''Like taking candy from a ____'' ● BABY ●
98.7%
● Fruity candy: ____ & Ike ● MIKE ●
90.5%
● Ring-shaped candy: ____ Savers ● LIFE ●
90.4%
Button of approval on FacebookLIKE
89.4%
1,760 yardsMILE
89.3%
● Type of chocolate ● MILK ●
88.4%
Closed handFIST
88.4%
Flying mammalsBATS
87.6%
Nickname for BarbaraBABS
87.3%
Lab maze runnersRATS
86.3%
Rocker JaggerMICK
85.6%
Grocery shopper's aidLIST
81.7%
● Chewy candy: Swedish ____ ● FISH ●
81.4%
Elevator, in EssexLIFT
81.4%
Any guy to a surferDUDE
80.1%
Prepare dinnerCOOK
78.3%
● With Rung 1, candy bar with peanuts ● RUTH ●
77.4%
● Soda-flavored candy: Bottle ____ ● CAPS ●
76.8%
Clue 4-Letter Word % Correct
Bottle stopperCORK
76.8%
Long-running FOX police TV seriesCOPS
76.6%
''Watch your head!''DUCK
75.4%
Dead-end jobsRUTS
72.5%
Sounds, like when doves cryCOOS
71%
RubbishMUCK
70.7%
Musical with the song ''Memory''CATS
68.7%
● With Rung 18, caramel candy ● DUDS ●
67.2%
Mussolini's nicknameDUCE
65.2%
● Cinnamon candy: Red ____ ● HOTS ●
64.8%
Bowlers and derbiesHATS
63%
Actor GeoffreyRUSH
63%
● Gumdrop candy ● DOTS ●
53.5%
Adds sound effects to a filmDUBS
53.1%
Tie in blackjackPUSH
45.3%
Word of disgustPISH
42.7%
Nos. on an I.D.D.O.B.S
40.9%
● Peppermint candy ● YORK ●
36.9%

Today's Daily Dose

Remove Ads.
Support Sporcle.
Get the best of Sporcle when you Go Orange. This ad-free experience offers more features, more stats, and more fun while also helping to support Sporcle. Thank you for becoming a member.

You're not logged in!

Compare scores with friends on all Sporcle quizzes.
OR
Log In

Show Comments

Extras

Top Quizzes Today


Score Distribution

Your Account Isn't Verified!

In order to create a playlist on Sporcle, you need to verify the email address you used during registration. Go to your Sporcle Settings to finish the process.

Report this User

Report this user for behavior that violates our Community Guidelines.

Details: